<?xml version="1.0" encoding="UTF-8"?>
<marc:record xmlns:marc="http://www.loc.gov/MARC21/slim">
   <marc:leader>00000nam a2200000 a 4500</marc:leader>
   <marc:datafield ind1="1" ind2=" " tag="100">
      <marc:subfield code="a">Dexter, Pete</marc:subfield>
      <marc:subfield code="4">aut</marc:subfield>
      <marc:subfield code="e">Verfasser/-in</marc:subfield>
   </marc:datafield>
   <marc:datafield ind1="1" ind2=" " tag="100">
      <marc:subfield code="a">Bürger, Jürgen</marc:subfield>
      <marc:subfield code="4">trl</marc:subfield>
      <marc:subfield code="e">Übersetzer/-in</marc:subfield>
   </marc:datafield>
   <marc:datafield ind1="1" ind2=" " tag="100">
      <marc:subfield code="a">Bielfeldt, Kathrin</marc:subfield>
      <marc:subfield code="4">trl</marc:subfield>
      <marc:subfield code="e">Übersetzer/-in</marc:subfield>
   </marc:datafield>
   <marc:datafield ind1="1" ind2=" " tag="100">
      <marc:subfield code="a">Dexter, Pete</marc:subfield>
   </marc:datafield>
   <marc:datafield ind1=" " ind2=" " tag="653">
      <marc:subfield code="a">Hickok</marc:subfield>
   </marc:datafield>
   <marc:datafield ind1=" " ind2=" " tag="653">
      <marc:subfield code="a">Wild Bill</marc:subfield>
   </marc:datafield>
   <marc:datafield ind1=" " ind2=" " tag="653">
      <marc:subfield code="a">Fiktionale Darstellung</marc:subfield>
   </marc:datafield>
   <marc:datafield ind1=" " ind2=" " tag="653">
      <marc:subfield code="a">Belletristische Darstellung</marc:subfield>
   </marc:datafield>
   <marc:datafield ind1="0" ind2="0" tag="245">
      <marc:subfield code="a">Deadwood</marc:subfield>
   </marc:datafield>
   <marc:datafield ind1="0" ind2="0" tag="245">
      <marc:subfield code="b">Roman</marc:subfield>
   </marc:datafield>
   <marc:datafield ind1="0" ind2="0" tag="245">
      <marc:subfield code="c">Pete Dexter. Aus dem Engl. von Jürgen Bürger und Kathrin Bielfeldt</marc:subfield>
   </marc:datafield>
   <marc:datafield ind1=" " ind2="1" tag="264">
      <marc:subfield code="a">München</marc:subfield>
      <marc:subfield code="b">Liebeskind</marc:subfield>
      <marc:subfield code="c">2011</marc:subfield>
   </marc:datafield>
   <marc:datafield ind1="1" ind2=" " tag="520">
      <marc:subfield code="a">Angaben aus der Verlagsmeldung

Deadwood : Roman Deadwood / von Pete Dexter

Dakota-Territorium, 1876. Der legendäre Revolverheld Wild Bill Hickok und sein Freund Charlie Utter erreichen mit einem Treck, der aus Cheyenne kommt, die Goldgräberstadt Deadwood. Obgleich von Alter und Krankheit gezeichnet, ist Wild Bill immer noch in der Lage, jeden Mann in einem fairen Duell zur Strecke zu bringen. Er aber möchte nichts weiter, als seine Tage in Ruhe im Saloon verbringen. Nur ist Deadwood kein Ort, an dem man Ruhe findet. Hier herrscht das Gesetz des Stärkeren. Und so trachtet bald schon mehr als ein Mann nach Wild Bills Leben. Denn er ist einer der wenigen, die in dieser Stadt noch Recht von Unrecht unterscheiden können ... In »Deadwood« stützt sich Pete Dexter auf historische Quellen und schildert den Wilden Westen so, wie er tatsächlich war: schmutzig, korrupt, voller Gier und roher Gewalt. Doch seine Haltung ist die eines lakonisch erzählenden Chronisten. Und so wird aus einem Tatsachenroman über die Anfänge Amerikas fast beiläufig eine menschliche Komödie voller Melancholie und schwarzem Humor.

</marc:subfield>
   </marc:datafield>
   <marc:datafield ind1=" " ind2=" " tag="020">
      <marc:subfield code="a">9783935890823</marc:subfield>
      <marc:subfield code="9">9783935890823</marc:subfield>
   </marc:datafield>
   <marc:datafield ind1=" " ind2=" " tag="041">
      <marc:subfield code="a">ger</marc:subfield>
   </marc:datafield>
   <marc:datafield ind1=" " ind2=" " tag="300">
      <marc:subfield code="a">447 S.</marc:subfield>
   </marc:datafield>
</marc:record>
